00493nam a2200157Ia 4500008004100000020001500041041000800056082002200064100001600086245011400102260006300216300000700279365001000286650002000296650001900316140306s9999 xx 000 0 und d a8120402901 aeng a677.009 2bPAT/WO aPatel, B B aWorkers of closed textile mills : patterns and problems of their absorption in a metro politian labour market aNew DelhibOxford and IBH Publishing Company Pvt Ltdc1988 a69 bRs.75 aSelf employment aWage paid work